000 00548nam a2200205Ia 4500
005 20260429112058.0
008 260429s9999||||xx |||||||||||||| ||und||
020 _a9788126936175
041 _aEnglish
082 _a332.10954
_bSHE
100 _aShetty, M. S.
245 0 _aIndian banking :
_bpresent challenges /
_cM. S. Shetty
250 _a1st ed.
260 _aNew Delhi :
_bAtlantic Publishers and Distributors,
_c2024.
300 _axvi, 358 p.; hb
650 _a Challenges
650 _a India
650 _aBanking
942 _cTB
999 _c52237
_d52237